Datum a čas kvízu
34.5
Celkem bodů
Celkový počet nahraných bodů na tomto kvízu bez doplňovacích otázek.
1.
Pořadí na kvízu
Konečné umístění týmu na tomto kvízu.
Zaznamenané odpovědi
| # | Otázka | Odpověď | Body | Výsledky |
|---|---|---|---|---|
| 1. | Jedné z českých zoologických z... | Zlín | 0 | |
| 2. | Z čínského kosmického středisk... | na Mars | 1 | |
| 3. | Muž, který vyhrál v místní lot... | Darth Vader | 1 | |
| 4. | Poslední Boeing 747 (přezdívan... | Nad australskými vodami vykroužil siluetu klokana. | 1 | |
| 5. | Basketbalový Nymburk opouští d... | Jaromír Bohačík | 1 | |
| 6. | Nyní se podíváme na některé dr... | Závěsné popruhy. | 1 | |
| 7. | Tabata je velmi efektivní a n... | 4 minuty | 0 | |
| 8. | Na fotografii vidíme jeden z n... | plank (též prkno) | 1 | |
| 9. | Sportovní aktivity často prová... | 1 kcal = 4 kJ | 1 | |
| 10. | Na závěr tématu si pustíme vid... | Jumping | 1 |